[Event "African Games-chT 2019"]
[Site "Casablanca"]
[Date "2019.08.24"]
[Round "1"]
[White "Adly, Ahmed"]
[Black "Mesfin, Leykun"]
[Result "1-0"]
[WhiteElo "2636"]
[BlackElo "2151"]
[Annotator "TA"]
[PlyCount "87"]
[EventDate "2019.08.24"]
[EventType "team-tourn"]
[EventCountry "MAR"]
[SourceTitle "playchess.com"]
[Source "ChessBase"]
[SourceQuality "1"]
[WhiteTeam "Egypt"]
[BlackTeam "Ethiopia"]
[WhiteTeamCountry "EGY"]
[BlackTeamCountry "ETH"]

{[%evp 9,87,7,18,16,18,16,17,3,26,16,12,25,14,12,9,0,0,0,0,0,0,-6,7,0,18,-14,0,-58,6,4,23,37,124,103,356,370,356,348,356,352,354,346,342,339,461,460,460,431,444,431,720,500,981,1136,1179,1160,1042,1071,1016,983,1538,846,856,831,2314,1987,2083,2070,1892,1783,2075,1806,2258,2123,3475,2793,2960,2982,2241,2064]} 1. e4 c5 2. Nf3 d6 3. Bb5+ Bd7 4. c4 Nc6 5. O-O (5. d4 cxd4 6. Nxd4 g6 7. Nc3 Bg7 8. Be3 Nf6 9. f3 O-O 10. Bxc6 bxc6 11. O-O e5 12. Nde2 Be6 13. Qa4 d5 14. cxd5 cxd5 15. exd5 Nxd5 16. Nxd5 Qxd5 {0-1 (60) Tari,A (2620)-Artemiev,V (2709) St Petersburg 2018}) 5... Nf6 6. Nc3 {B52: Sicilian: Moscow Variation with 3...Bd7} e5 7. a3 $146 ({Predecessor:} 7. d3 Be7 8. Bg5 O-O 9. Bxf6 Bxf6 10. h3 g6 11. Nd5 Bg7 12. Bxc6 bxc6 {0-1 (31) Baumgartner,C (1868)-Veal,J (1962) Stillwater 2012}) 7... Be7 8. b4 {The position is equal.} b6 9. Qa4 Nd4 10. Nxd4 cxd4 11. Nd5 Nxd5 12. cxd5 Bxb5 13. Qxb5+ Qd7 14. Qe2 O-O 15. f4 f6 16. Rf3 Qg4 17. a4 Rac8 18. b5 (18. d3 $11) 18... Rc7 (18... Rc2 $15) 19. Ba3 $11 Rfc8 20. fxe5 d3 (20... dxe5 $14 21. Bxe7 Rc1+ 22. Rxc1 Rxc1+ 23. Kf2 Qh4+ {[%mdl 64] Double Attack} 24. Rg3 Qf4+ 25. Rf3 Qh4+ 26. Rg3 Qf4+ 27. Rf3 Qxh2) 21. Qd1 Qxe4 $2 {[%mdl 8192] [#]} (21... Rc4 $16) 22. exd6 $18 Bxd6 23. Bxd6 Rc2 {Black hopes to continue with ...Qd4+.} 24. Bf4 Qxd5 25. Qf1 Qd4+ 26. Kh1 Qxa1 27. Qxa1 {White is clearly winning.} Rc1+ 28. Rf1 Rxa1 29. Rxa1 {[%mdl 4096] Endgame KRB-KR} Rc4 (29... Re8 $142 30. a5 Kf7) 30. g3 g5 (30... Rc8 $142 31. a5 Kf7 32. axb6 axb6) 31. Bb8 Rc2 32. Bxa7 Rxd2 33. Bxb6 Re2 34. Ba5 Kf7 35. b6 Rb2 36. Rd1 Ra2 37. Bc3 Ra3 38. Rxd3 Rb3 39. a5 Ke6 40. Kg2 f5 41. Kf2 h5 42. Rd8 Ke7 43. Rc8 Kd7 44. Rc4 {Accuracy: White = 46%, Black = 33%.} 1-0

[Event "African Games-chT 2019"]
[Site "Casablanca"]
[Date "2019.08.24"]
[Round "1"]
[White "Bellahcene, Bilel"]
[Black "Amba, Oyon Marius Claude"]
[Result "1-0"]
[WhiteElo "2550"]
[BlackElo "1911"]
[Annotator "ChessBase"]
[PlyCount "77"]
[EventDate "2019.08.24"]
[EventType "team-tourn"]
[EventCountry "MAR"]
[SourceTitle "playchess.com"]
[Source "ChessBase"]
[SourceQuality "1"]
[WhiteTeam "Algeria"]
[BlackTeam "CMR"]
[WhiteTeamCountry "ALG"]
[TimeControl "900+10"]

1. e4 {[%emt 0:00:00]} c5 {[%emt 0:00:00]} 2. Nf3 {[%emt 0:00:00]} e6 {[%emt 0:00:00]} 3. d4 {[%emt 0:00:00]} cxd4 {[%emt 0:00:02]} 4. Nxd4 {[%emt 0:00:00]} a6 {[%emt 0:00:05]} 5. Nc3 {[%emt 0:00:04]} Qc7 {[%emt 0:00:28]} 6. Bd3 {[%emt 0:00:05]} Nf6 {[%emt 0:01:06]} 7. Qe2 {[%emt 0:00:04]} d6 {[%emt 0:01:54]} 8. f4 {[%emt 0:00:05]} Nc6 {[%emt 0:01:12]} 9. Nxc6 {[%emt 0:00:05]} bxc6 {[%emt 0:00:04]} 10. b3 {[%emt 0:00:08]} d5 {[%emt 0:02:27]} 11. Bd2 {[%emt 0:00:19]} Bc5 {[%emt 0:00:21]} 12. O-O-O {[%emt 0:00:06]} O-O {[%emt 0:00:15]} 13. Kb1 {[%emt 0:00:18]} e5 {[%emt 0:00:16]} 14. f5 {[%emt 0:00:22]} Bd4 {[%emt 0:00:18]} 15. g4 {[%emt 0:00:05]} a5 {[%emt 0:01:31]} 16. g5 {[%emt 0:00:02]} Nxe4 {[%emt 0:00:02]} 17. Nxe4 {[%emt 0:00:15]} dxe4 {[%emt 0:00:02]} 18. Qxe4 {[%emt 0:00:02]} Bb7 {[%emt 0:00:26]} 19. f6 {[%emt 0:00:14]} g6 {[%emt 0:00:03]} 20. Qh4 {[%emt 0:00:03]} Kh8 {[%emt 0:00:25]} 21. c3 {[%emt 0:00:15]} Bc5 {[%emt 0:00:13]} 22. Qh6 {[%emt 0:00:04]} Rg8 {[%emt 0:00:04]} 23. Bc1 {[%emt 0:01:05]} Bf8 {[%emt 0:00:04]} 24. Qh4 {[%emt 0:00:06]} c5 {[%emt 0:00:13]} 25. Rhe1 {[%emt 0:00:02]} a4 {[%emt 0:00:03]} 26. Bc4 {[%emt 0:00:11]} axb3 {[%emt 0:00:10]} 27. axb3 {[%emt 0:00:01]} Qa5 {[%emt 0:00:38]} 28. Bb2 {[%emt 0:00:03]} Qc7 {[%emt 0:02:29]} 29. Rd3 {[%emt 0:00:01]} Bc8 {[%emt 0:00:48]} 30. Re4 {[%emt 0:00:25]} h5 {[%emt 0:00:12]} 31. gxh6 {[%emt 0:00:06]} Bf5 {[%emt 0:00:11]} 32. h7 {[%emt 0:00:04]} Rg7 {[%emt 0:00:04]} 33. fxg7+ {[%emt 0:00:05]} Bxg7 {[%emt 0:00:02]} 34. Rd5 {[%emt 0:00:30]} g5 {[%emt 0:00:12]} 35. Qe1 {[%emt 0:00:04]} Bxh7 {[%emt 0:00:20]} 36. Bd3 {[%emt 0:00:01]} f5 {[%emt 0:00:06]} 37. Rexe5 {[%emt 0:00:01]} Qf7 {[%emt 0:02:19]} 38. c4 {[%emt 0:00:02]} Rf8 {[%emt 0:00:32]} 39. Re7 {[%emt 0:00:10]} 1-0

[Event "African Games-chT 2019"]
[Site "Casablanca"]
[Date "2019.08.24"]
[Round "1"]
[White "Tissir, Mohamed"]
[Black "Eichab, Charles"]
[Result "1-0"]
[WhiteElo "2379"]
[BlackElo "2016"]
[Annotator "NA"]
[PlyCount "50"]
[EventDate "2019.08.24"]
[EventType "team-tourn"]
[EventCountry "MAR"]
[SourceTitle "playchess.com"]
[Source "ChessBase"]
[SourceQuality "1"]
[WhiteTeam "Morocco"]
[BlackTeam "Namibia"]
[WhiteTeamCountry "MAR"]
[BlackTeamCountry "NAM"]
[TimeControl "900+10"]

1. e4 {[%emt 0:00:11]} e6 {[%emt 0:00:00]} 2. Qe2 {[%emt 0:00:14]} d5 {[%emt 0:00:17]} 3. exd5 {[%emt 0:00:02]} Qxd5 {[%emt 0:01:11]} 4. Nc3 {[%emt 0:00:02]} Qd8 {[%emt 0:00:26]} 5. Nf3 {[%emt 0:00:01]} Nf6 {[%emt 0:00:27]} 6. d4 {[%emt 0:00:06]} b6 {[%emt 0:01:21]} 7. Bg5 {[%emt 0:00:51]} Bb7 {[%emt 0:00:56]} 8. O-O-O {[%emt 0:00:05]} c6 {[%emt 0:02:29]} 9. Ne5 {[%emt 0:00:27]} Be7 {[%emt 0:00:10]} 10. h4 {[%emt 0:00:16]} b5 {[%emt 0:00:34]} 11. Nxb5 {[%emt 0:04:14]} Qa5 {[%emt 0:03:47]} 12. Nc3 {[%emt 0:00:15]} Nd5 {[%emt 0:00:52]} 13. Nxd5 {[%emt 0:00:15]} cxd5 {[%emt 0:02:36]} 14. Kb1 {[%emt 0:03:45]} a6 {[%emt 0:01:15]} 15. Rh3 {[%emt 0:00:22]} Nc6 {[%emt 0:00:50]} 16. Bxe7 {[%emt 0:00:16]} Kxe7 {[%emt 0:00:03]} 17. Rb3 {[%emt 0:00:04]} Qc7 {[%emt 0:00:20]} 18. f4 {[%emt 0:00:39]} g6 {[%emt 0:00:11]} 19. Qg4 {[%emt 0:00:52]} Nxe5 {[%emt 0:00:05]} 20. fxe5 {[%emt 0:00:04]} Rhb8 {[%emt 0:00:15]} 21. h5 {[%emt 0:00:08]} Bc6 {[%emt 0:00:11]} 22. Qg5+ {[%emt 0:00:48]} Kf8 {[%emt 0:00:11]} 23. Rc3 {[%emt 0:00:58]} Qb7 {[%emt 0:00:09]} 24. b3 {[%emt 0:00:04]} Kg8 {[%emt 0:00:06]} 25. Qf6 {[%emt 0:00:04]} Qa7 {[%emt 0:00:10]} 1-0

[Event "African Games-chT 2019"]
[Site "Casablanca"]
[Date "2019.08.24"]
[Round "1"]
[White "Chumfwa, Stanley"]
[Black "Marie, Patrick"]
[Result "1-0"]
[WhiteElo "2317"]
[BlackElo "1921"]
[Annotator "NA"]
[PlyCount "75"]
[EventDate "2019.08.24"]
[EventType "team-tourn"]
[EventCountry "MAR"]
[SourceTitle "playchess.com"]
[Source "ChessBase"]
[SourceQuality "1"]
[WhiteTeam "Zambia"]
[BlackTeam "Mauritius"]
[WhiteTeamCountry "ZAM"]
[BlackTeamCountry "MRI"]
[TimeControl "900+10"]

1. e4 {[%emt 0:00:00]} c5 {[%emt 0:00:00]} 2. Nf3 {[%emt 0:00:00]} Nc6 {[%emt 0:00:00]} 3. d4 {[%emt 0:00:00]} cxd4 {[%emt 0:00:00]} 4. Nxd4 {[%emt 0:00:00]} Nf6 {[%emt 0:00:00]} 5. Nc3 {[%emt 0:00:00]} g6 {[%emt 0:00:02]} 6. Nxc6 {[%emt 0:00:32]} dxc6 {[%emt 0:00:03]} 7. Qxd8+ {[%emt 0:00:06]} Kxd8 {[%emt 0:00:01]} 8. Bc4 {[%emt 0:00:26]} Ke8 {[%emt 0:00:21]} 9. e5 {[%emt 0:00:16]} Nd7 {[%emt 0:01:50]} 10. f4 {[%emt 0:00:04]} Nb6 {[%emt 0:01:26]} 11. Bb3 {[%emt 0:00:19]} Bf5 {[%emt 0:01:01]} 12. Be3 {[%emt 0:00:27]} e6 {[%emt 0:01:33]} 13. O-O-O {[%emt 0:01:47]} Bb4 {[%emt 0:00:17]} 14. h3 {[%emt 0:00:32]} Bxc3 {[%emt 0:00:02]} 15. bxc3 {[%emt 0:00:02]} Be4 {[%emt 0:00:05]} 16. Rd2 {[%emt 0:00:51]} Nd5 {[%emt 0:00:14]} 17. Bxd5 {[%emt 0:00:25]} cxd5 {[%emt 0:00:27]} 18. Kb2 {[%emt 0:00:15]} b6 {[%emt 0:00:27]} 19. Ra1 {[%emt 0:00:13]} Ke7 {[%emt 0:00:05]} 20. a4 {[%emt 0:00:07]} Rhc8 {[%emt 0:00:10]} 21. g4 {[%emt 0:02:16]} Rc4 {[%emt 0:00:37]} 22. Rd4 {[%emt 0:00:17]} Rc7 {[%emt 0:01:17]} 23. Rb4 {[%emt 0:00:15]} Rac8 {[%emt 0:00:14]} 24. Bd4 {[%emt 0:00:16]} Rc6 {[%emt 0:01:19]} 25. a5 {[%emt 0:00:16]} bxa5 {[%emt 0:00:18]} 26. Rxa5 {[%emt 0:00:03]} a6 {[%emt 0:00:01]} 27. Rb7+ {[%emt 0:00:09]} Kf8 {[%emt 0:00:10]} 28. Kc1 {[%emt 0:04:05]} Bg2 {[%emt 0:00:02]} 29. h4 {[%emt 0:00:01]} Bf3 {[%emt 0:00:05]} 30. g5 {[%emt 0:00:02]} Be2 {[%emt 0:00:01]} 31. Kd2 {[%emt 0:00:12]} Bc4 {[%emt 0:00:17]} 32. Ra1 {[%emt 0:00:02]} Ra8 {[%emt 0:00:17]} 33. h5 {[%emt 0:00:46]} a5 {[%emt 0:01:12]} 34. hxg6 {[%emt 0:00:14]} hxg6 {[%emt 0:00:02]} 35. Ba7 {[%emt 0:01:11]} Ra6 {[%emt 0:00:22]} 36. Bc5+ {[%emt 0:00:04]} Kg7 {[%emt 0:00:03]} 37. Be7 {[%emt 0:00:15]} Rg8 {[%emt 0:01:37]} 38. Bf6+ {[%emt 0:00:06]} 1-0

[Event "African Games-chT 2019"]
[Site "Casablanca"]
[Date "2019.08.24"]
[Round "1"]
[White "Oatlhotse, Providence"]
[Black "Kourakoumba, Florent"]
[Result "1-0"]
[WhiteElo "2252"]
[BlackElo "1677"]
[Annotator "NA"]
[PlyCount "83"]
[EventDate "2019.08.24"]
[EventType "team-tourn"]
[EventCountry "MAR"]
[SourceTitle "playchess.com"]
[Source "ChessBase"]
[SourceQuality "1"]
[WhiteTeam "Botswana"]
[BlackTeam "CAF"]
[WhiteTeamCountry "BOT"]
[TimeControl "900+10"]

1. d4 {[%emt 0:00:00]} e6 {[%emt 0:00:00]} 2. c4 {[%emt 0:00:00]} d6 {[%emt 0:00:00]} 3. Nf3 {[%emt 0:00:00]} Be7 {[%emt 0:00:00]} 4. Nc3 {[%emt 0:00:00]} Nf6 {[%emt 0:00:05]} 5. e4 {[%emt 0:00:01]} O-O {[%emt 0:00:07]} 6. Be2 {[%emt 0:00:06]} Nfd7 {[%emt 0:00:05]} 7. O-O {[%emt 0:00:06]} c6 {[%emt 0:00:02]} 8. b3 {[%emt 0:00:05]} Na6 {[%emt 0:00:10]} 9. Bb2 {[%emt 0:00:02]} Nc7 {[%emt 0:00:04]} 10. Rc1 {[%emt 0:00:04]} f6 {[%emt 0:00:09]} 11. Qd2 {[%emt 0:00:11]} e5 {[%emt 0:00:08]} 12. Rfd1 {[%emt 0:00:04]} a6 {[%emt 0:00:06]} 13. a4 {[%emt 0:00:03]} Ne6 {[%emt 0:00:19]} 14. d5 {[%emt 0:00:08]} Nf4 {[%emt 0:00:11]} 15. dxc6 {[%emt 0:00:09]} bxc6 {[%emt 0:00:03]} 16. Ba3 {[%emt 0:00:01]} Nxe2+ {[%emt 0:00:13]} 17. Nxe2 {[%emt 0:00:29]} Nc5 {[%emt 0:00:11]} 18. Qc2 {[%emt 0:00:15]} Qb6 {[%emt 0:00:18]} 19. b4 {[%emt 0:00:18]} Nb7 {[%emt 0:00:06]} 20. a5 {[%emt 0:00:09]} Qc7 {[%emt 0:00:20]} 21. h3 {[%emt 0:00:03]} f5 {[%emt 0:00:16]} 22. exf5 {[%emt 0:00:28]} Bxf5 {[%emt 0:00:03]} 23. Qb3 {[%emt 0:00:01]} Kh8 {[%emt 0:00:11]} 24. Ng3 {[%emt 0:00:04]} Be6 {[%emt 0:00:06]} 25. Qe3 {[%emt 0:00:16]} Rae8 {[%emt 0:00:15]} 26. Ne4 {[%emt 0:00:26]} Rd8 {[%emt 0:00:23]} 27. Bb2 {[%emt 0:00:20]} h6 {[%emt 0:00:49]} 28. c5 {[%emt 0:00:08]} Kg8 {[%emt 0:00:34]} 29. cxd6 {[%emt 0:00:06]} Bxd6 {[%emt 0:00:07]} 30. Nxd6 {[%emt 0:00:05]} Nxd6 {[%emt 0:00:13]} 31. Qxe5 {[%emt 0:00:21]} Bd5 {[%emt 0:00:16]} 32. Rxd5 {[%emt 0:00:33]} Rf5 {[%emt 0:02:01]} 33. Qe6+ {[%emt 0:00:11]} Qf7 {[%emt 0:00:22]} 34. Rxd6 {[%emt 0:00:10]} Rxd6 {[%emt 0:00:53]} 35. Qxd6 {[%emt 0:00:02]} Kh7 {[%emt 0:01:16]} 36. Qxc6 {[%emt 0:00:24]} g5 {[%emt 0:00:05]} 37. Qc7 {[%emt 0:00:08]} Kg6 {[%emt 0:01:29]} 38. Ne5+ {[%emt 0:01:02]} Rxe5 {[%emt 0:01:29]} 39. Qxe5 {[%emt 0:00:04]} Kh5 {[%emt 0:02:14]} 40. g4+ {[%emt 0:00:07]} Kg6 {[%emt 0:00:24]} 41. Rc6+ {[%emt 0:00:02]} Kh7 {[%emt 0:00:07]} 42. Qh8# {[%emt 0:00:03]} 1-0

[Event "African Games-chT 2019"]
[Site "Casablanca"]
[Date "2019.08.24"]
[Round "1"]
[White "Silva, David"]
[Black "Espirito Santo, Waldyr"]
[Result "1-0"]
[WhiteElo "2239"]
[BlackElo "1923"]
[Annotator "NA"]
[PlyCount "32"]
[EventDate "2019.08.24"]
[EventType "team-tourn"]
[EventCountry "MAR"]
[SourceTitle "playchess.com"]
[Source "ChessBase"]
[SourceQuality "1"]
[WhiteTeam "Angola"]
[BlackTeam "STP"]
[WhiteTeamCountry "ANG"]
[TimeControl "900+10"]

1. e4 {[%emt 0:00:00]} c5 {[%emt 0:00:04]} 2. Nf3 {[%emt 0:00:05]} d6 {[%emt 0:00:04]} 3. d4 {[%emt 0:00:06]} cxd4 {[%emt 0:00:03]} 4. Nxd4 {[%emt 0:00:03]} Nf6 {[%emt 0:00:04]} 5. Nc3 {[%emt 0:00:02]} a6 {[%emt 0:00:18]} 6. a3 {[%emt 0:00:31]} e6 {[%emt 0:00:10]} 7. Be2 {[%emt 0:00:04]} Nbd7 {[%emt 0:00:15]} 8. O-O {[%emt 0:00:06]} Be7 {[%emt 0:00:11]} 9. Kh1 {[%emt 0:00:05]} Qc7 {[%emt 0:00:07]} 10. f4 {[%emt 0:00:02]} b5 {[%emt 0:00:27]} 11. Bf3 {[%emt 0:00:03]} Bb7 {[%emt 0:00:20]} 12. Qe1 {[%emt 0:00:10]} Nc5 {[%emt 0:00:59]} 13. e5 {[%emt 0:01:09]} Nfd7 {[%emt 0:01:36]} 14. Bxb7 {[%emt 0:04:16]} Nxb7 {[%emt 0:00:38]} 15. f5 {[%emt 0:00:10]} dxe5 {[%emt 0:00:10]} 16. fxe6 {[%emt 0:02:43]} fxe6 {[%emt 0:05:12]} 1-0

[Event "African Games-chT 2019"]
[Site "Casablanca"]
[Date "2019.08.24"]
[Round "1"]
[White "Osunfuyi, Abimbola"]
[Black "Mphungu, Gerrard"]
[Result "1/2-1/2"]
[WhiteElo "2235"]
[BlackElo "2107"]
[Annotator "NA"]
[PlyCount "103"]
[EventDate "2019.08.24"]
[EventType "team-tourn"]
[EventCountry "MAR"]
[SourceTitle "playchess.com"]
[Source "ChessBase"]
[SourceQuality "1"]
[WhiteTeam "Nigeria"]
[BlackTeam "MAW"]
[WhiteTeamCountry "NGR"]
[TimeControl "900+10"]

1. c4 {[%emt 0:00:00]} Nf6 {[%emt 0:00:06]} 2. g3 {[%emt 0:00:00]} c6 {[%emt 0:01:15]} 3. Nf3 {[%emt 0:00:23]} d5 {[%emt 0:00:04]} 4. Bg2 {[%emt 0:00:01]} Bf5 {[%emt 0:00:13]} 5. O-O {[%emt 0:01:24]} e6 {[%emt 0:00:07]} 6. Qb3 {[%emt 0:00:32]} Qb6 {[%emt 0:00:05]} 7. d3 {[%emt 0:00:03]} Nbd7 {[%emt 0:01:08]} 8. Qc2 {[%emt 0:00:57]} h6 {[%emt 0:00:34]} 9. b3 {[%emt 0:00:26]} Be7 {[%emt 0:00:10]} 10. Bb2 {[%emt 0:00:02]} O-O {[%emt 0:00:25]} 11. Nc3 {[%emt 0:00:24]} Rfd8 {[%emt 0:01:01]} 12. Na4 {[%emt 0:00:32]} Qa6 {[%emt 0:01:47]} 13. c5 {[%emt 0:01:34]} Qa5 {[%emt 0:01:38]} 14. b4 {[%emt 0:02:19]} Qc7 {[%emt 0:02:26]} 15. Rfc1 {[%emt 0:00:53]} a5 {[%emt 0:00:47]} 16. a3 {[%emt 0:00:16]} axb4 {[%emt 0:00:03]} 17. axb4 {[%emt 0:00:02]} Ra6 {[%emt 0:00:07]} 18. Nd4 {[%emt 0:00:35]} Rda8 {[%emt 0:03:27]} 19. Nxf5 {[%emt 0:00:37]} exf5 {[%emt 0:00:01]} 20. Bh3 {[%emt 0:00:14]} Ng4 {[%emt 0:01:29]} 21. d4 {[%emt 0:00:26]} g6 {[%emt 0:00:15]} 22. e3 {[%emt 0:00:30]} Ngf6 {[%emt 0:00:17]} 23. Nc3 {[%emt 0:00:02]} Qd8 {[%emt 0:00:09]} 24. Rxa6 {[%emt 0:00:07]} Rxa6 {[%emt 0:00:01]} 25. b5 {[%emt 0:00:05]} Ra5 {[%emt 0:00:28]} 26. bxc6 {[%emt 0:00:27]} bxc6 {[%emt 0:00:02]} 27. Ra1 {[%emt 0:00:05]} Rxa1+ {[%emt 0:00:23]} 28. Bxa1 {[%emt 0:00:01]} Qc7 {[%emt 0:00:00]} 29. Bb2 {[%emt 0:00:10]} Ne4 {[%emt 0:00:00]} 30. Qb3 {[%emt 0:00:51]} Bd8 {[%emt 0:00:06]} 31. Nxe4 {[%emt 0:00:08]} fxe4 {[%emt 0:00:03]} 32. Bc3 {[%emt 0:00:12]} Kg7 {[%emt 0:00:11]} 33. Qa4 {[%emt 0:00:44]} Nf6 {[%emt 0:00:38]} 34. Qa8 {[%emt 0:00:27]} Nd7 {[%emt 0:00:40]} 35. Kg2 {[%emt 0:01:15]} f5 {[%emt 0:00:05]} 36. Kg1 {[%emt 0:00:02]} Kf6 {[%emt 0:00:06]} 37. Bf1 {[%emt 0:00:02]} Nb8 {[%emt 0:00:17]} 38. Ba5 {[%emt 0:00:53]} Qxa5 {[%emt 0:00:01]} 39. Qxb8 {[%emt 0:00:03]} Qc7 {[%emt 0:00:07]} 40. Qa8 {[%emt 0:00:26]} Ke7 {[%emt 0:00:02]} 41. Ba6 {[%emt 0:00:08]} Kd7 {[%emt 0:00:03]} 42. h4 {[%emt 0:00:21]} g5 {[%emt 0:00:02]} 43. hxg5 {[%emt 0:00:10]} hxg5 {[%emt 0:00:02]} 44. Kg2 {[%emt 0:00:28]} f4 {[%emt 0:00:03]} 45. exf4 {[%emt 0:00:08]} gxf4 {[%emt 0:00:03]} 46. Bf1 {[%emt 0:00:27]} fxg3 {[%emt 0:00:15]} 47. fxg3 {[%emt 0:00:02]} Qa5 {[%emt 0:00:19]} 48. Ba6 {[%emt 0:00:14]} Qd2+ {[%emt 0:00:14]} 49. Kh3 {[%emt 0:00:01]} Qh6+ {[%emt 0:00:02]} 50. Kg2 {[%emt 0:00:06]} Qd2+ {[%emt 0:00:04]} 51. Kh3 {[%emt 0:00:02]} Qh6+ {[%emt 0:00:39]} 52. Kg2 {[%emt 0:00:02]} 1/2-1/2

[Event "African Games-chT 2019"]
[Site "Casablanca"]
[Date "2019.08.24"]
[Round "1"]
[White "Mwale, Joseph"]
[Black "Adu, Oladapo"]
[Result "1/2-1/2"]
[WhiteElo "2231"]
[BlackElo "2273"]
[Annotator "NA"]
[PlyCount "136"]
[EventDate "2019.08.24"]
[EventType "team-tourn"]
[EventCountry "MAR"]
[SourceTitle "playchess.com"]
[Source "ChessBase"]
[SourceQuality "1"]
[WhiteTeam "MAW"]
[BlackTeam "Nigeria"]
[BlackTeamCountry "NGR"]
[TimeControl "900+10"]

1. Nf3 {[%emt 0:00:00]} d5 {[%emt 0:00:00]} 2. g3 {[%emt 0:00:00]} Nf6 {[%emt 0:00:04]} 3. Bg2 {[%emt 0:00:00]} Bf5 {[%emt 0:00:07]} 4. O-O {[%emt 0:00:01]} e6 {[%emt 0:00:06]} 5. d4 {[%emt 0:00:02]} h6 {[%emt 0:00:07]} 6. c4 {[%emt 0:00:02]} c6 {[%emt 0:00:04]} 7. Nc3 {[%emt 0:00:04]} Be7 {[%emt 0:00:09]} 8. b3 {[%emt 0:00:14]} O-O {[%emt 0:00:07]} 9. Bb2 {[%emt 0:00:02]} Nbd7 {[%emt 0:00:05]} 10. Ne5 {[%emt 0:00:17]} Rc8 {[%emt 0:01:18]} 11. Rc1 {[%emt 0:00:23]} Re8 {[%emt 0:00:03]} 12. Re1 {[%emt 0:01:02]} Bd6 {[%emt 0:00:41]} 13. Nxd7 {[%emt 0:00:41]} Qxd7 {[%emt 0:00:05]} 14. e4 {[%emt 0:00:21]} dxe4 {[%emt 0:00:52]} 15. Nxe4 {[%emt 0:00:05]} Be7 {[%emt 0:00:51]} 16. Nd2 {[%emt 0:03:24]} Red8 {[%emt 0:00:39]} 17. Nf3 {[%emt 0:00:19]} Bb4 {[%emt 0:01:40]} 18. Re2 {[%emt 0:01:59]} Qe7 {[%emt 0:00:32]} 19. a3 {[%emt 0:01:09]} Bxa3 {[%emt 0:01:36]} 20. Bxa3 {[%emt 0:00:02]} Qxa3 {[%emt 0:00:01]} 21. Ra1 {[%emt 0:00:01]} Qb4 {[%emt 0:00:02]} 22. Rxa7 {[%emt 0:00:02]} Qb6 {[%emt 0:00:02]} 23. Ra1 {[%emt 0:01:43]} Bg4 {[%emt 0:01:21]} 24. Rd2 {[%emt 0:01:46]} Rd7 {[%emt 0:00:54]} 25. h3 {[%emt 0:00:27]} Bxf3 {[%emt 0:00:05]} 26. Bxf3 {[%emt 0:00:01]} Rcd8 {[%emt 0:00:03]} 27. c5 {[%emt 0:00:08]} Qc7 {[%emt 0:00:43]} 28. Raa2 {[%emt 0:00:15]} g6 {[%emt 0:00:58]} 29. b4 {[%emt 0:00:45]} Nd5 {[%emt 0:00:15]} 30. Bxd5 {[%emt 0:00:13]} Rxd5 {[%emt 0:00:02]} 31. Ra3 {[%emt 0:00:05]} e5 {[%emt 0:00:11]} 32. Rad3 {[%emt 0:00:02]} Qd7 {[%emt 0:00:10]} 33. Kg2 {[%emt 0:00:14]} e4 {[%emt 0:00:22]} 34. Re3 {[%emt 0:00:19]} Rxd4 {[%emt 0:00:12]} 35. Rxd4 {[%emt 0:00:02]} Qxd4 {[%emt 0:00:00]} 36. Qb1 {[%emt 0:00:02]} f5 {[%emt 0:00:11]} 37. Qb3+ {[%emt 0:00:10]} Kg7 {[%emt 0:00:05]} 38. Qe6 {[%emt 0:00:06]} Qf6 {[%emt 0:00:13]} 39. Qb3 {[%emt 0:00:09]} Qe5 {[%emt 0:00:07]} 40. b5 {[%emt 0:00:38]} Qxc5 {[%emt 0:00:23]} 41. bxc6 {[%emt 0:00:01]} bxc6 {[%emt 0:00:06]} 42. Qb7+ {[%emt 0:00:05]} Kf6 {[%emt 0:00:28]} 43. h4 {[%emt 0:00:57]} h5 {[%emt 0:00:22]} 44. Qb2+ {[%emt 0:00:32]} Qe5 {[%emt 0:00:20]} 45. Rc3 {[%emt 0:00:16]} Rd6 {[%emt 0:00:37]} 46. Qb8 {[%emt 0:00:05]} Qe7 {[%emt 0:01:01]} 47. Qh8+ {[%emt 0:00:54]} Qg7 {[%emt 0:00:04]} 48. Qb8 {[%emt 0:00:02]} Qd7 {[%emt 0:00:28]} 49. Rb3 {[%emt 0:00:26]} Qd8 {[%emt 0:00:06]} 50. Qa7 {[%emt 0:00:05]} Rd7 {[%emt 0:00:12]} 51. Qa6 {[%emt 0:00:08]} Qc7 {[%emt 0:00:16]} 52. Rb6 {[%emt 0:00:08]} Rd6 {[%emt 0:00:07]} 53. Rb7 {[%emt 0:00:06]} Qd8 {[%emt 0:00:03]} 54. Qa7 {[%emt 0:00:20]} Ke6 {[%emt 0:01:03]} 55. Rb8 {[%emt 0:00:54]} Qe7 {[%emt 0:00:10]} 56. Qa8 {[%emt 0:00:12]} Kf7 {[%emt 0:00:56]} 57. Rh8 {[%emt 0:00:08]} Kg7 {[%emt 0:00:25]} 58. Rg8+ {[%emt 0:00:45]} Kf7 {[%emt 0:00:12]} 59. Rh8 {[%emt 0:00:03]} Kf6 {[%emt 0:00:50]} 60. Rf8+ {[%emt 0:00:09]} Kg7 {[%emt 0:00:06]} 61. Rg8+ {[%emt 0:00:01]} Kf7 {[%emt 0:00:06]} 62. Rh8 {[%emt 0:00:02]} Kg7 {[%emt 0:00:29]} 63. Rg8+ {[%emt 0:00:11]} Kf6 {[%emt 0:00:07]} 64. Rf8+ {[%emt 0:00:03]} Kg7 {[%emt 0:00:02]} 65. Rg8+ {[%emt 0:00:01]} Kf6 {[%emt 0:00:00]} 66. Rf8+ {[%emt 0:00:01]} Kg7 {[%emt 0:00:07]} 67. Rg8+ {[%emt 0:00:01]} Kf7 {[%emt 0:00:15]} 68. Rh8 {[%emt 0:00:02]} Kg7 {[%emt 0:00:03]} 1/2-1/2